Proyecciones de población = Population projections

Сохранить в:
Библиографические подробности
Формат: Текст
Метки: Добавить метку
Нет меток, Требуется 1-ая метка записи!

MARC

LEADER 00000 a a2200000 04500
001 48168
003
040
245 |a Proyecciones de población =   |b Population projections  
773 |g , (2012), 136 páginas: tablas, gráficos  
999 |c 37916  |d 37916